| 000 | 02151nam a22001577a 4500 | ||
|---|---|---|---|
| 082 | _a670 | ||
| 100 |
_aAhmed, Hamza _951699 |
||
| 245 |
_aPostural Analysis and Improvement of Laptop Users with Human Factor Engineering in an Academic Environment Using DMAIC Approach / _cHamza Ahmed |
||
| 264 |
_aIslamabad : _bSMME- NUST; _c2023. |
||
| 300 |
_a105p. _bSoft Copy _c30cm |
||
| 500 | _aSudden shift from face-to-face to distance learning during COVID-19 has increased the use of laptops in academic institutes causing an increase in the risk of developing musculoskeletal disorders (MSDs) due to awkward sitting postures. This research article aims to use DMAIC approach to assess the risk of MSDs. A novel Ergo-DMAIC framework has been developed to evaluate the working postures ergonomically using the Nordic Musculoskeletal Disorder Questionnaire (NMDQ), Rapid Upper Limb Assessment (RULA), Rapid Entire Body Assessment (REBA), and HumanCAD®. The NMDQ results revealed that about 90% of the selected population (approximately 500 participants) has symptoms of MSDs. Similarly, the average RULA and REBA scores are 4.4 and 7, respectively, indicating a medium risk level that needs action. RULA and REBA scores are validated using HumanCAD® biomechanical stress analysis. The stress analysis results for both genders give an average stress ratio value greater than 1 for the head, arm, and thorax regions, indicating the danger zone. The thorax is the most affected region, with the highest average stress ratios calculated 8.2 and 10.3 for males and females, respectively. The improved workstation design results indicate a significant stress ratio reduction (i.e., > 50%) by achieving the neutral sitting posture. Furthermore, academicians, practitioners, and researchers may contribute to exploring the applied framework in other working organizations, as this study considered only educational institutes. | ||
| 650 |
_aMS Design and Manufacturing Engineering _9119567 |
||
| 700 |
_aSupervisor : Dr. Shahid Ikramullah Butt _9119623 |
||
| 856 | _uhttp://10.250.8.41:8080/xmlui/handle/123456789/41296 | ||
| 942 |
_2ddc _cTHE |
||
| 999 |
_c607392 _d607392 |
||